000
00370nam a22000977a 4500
100
_a
भानावत,डॉ. महेन्द्र
_9
80328
245
_a
राजस्थान के थापे
260
_a
जोधपुर
_b
भारतीय लोक कला मण्डल
_c
2019
650
_a
संस्कृति
_9
80329
942
_c
HIN
999
_c
63727
_d
63727